Canadian Landmarks #2 - Statistics

General Stats
  • This quiz has been taken 10 times
  • The average score is 12 of 16
Answer Stats
Picture Answer % Correct
Alberta (Peace Bridge)
100%
British Columbia (Ninstints/SG̱ang Gwaay Llnagaay)
100%
Ontario (Gooderham Building)
100%
Ontario (Rideau Canal)
100%
Quebec (Château Frontenac)
100%
British Columbia (Capilano Suspension Bridge)
89%
PEI/New Brunswick (Confederation Bridge)
89%
Nova Scotia (Citadel Hill/Fort George)
78%
Alberta (Vegreville Egg)
67%
Ontario (Terry Fox Memorial)
67%
Alberta (Writing-on-Stone/Áísínai'pi)
56%
Manitoba (York Factory)
56%
Newfoundland and Labrador (Cabot Tower)
56%
Saskatchewan (Motherwell Homestead)
44%
Nova Scotia (Fortress of Louisbourg)
33%
Yukon (Palace Grand Theatre)
33%
No matching quizzes found
Score Distribution
Percent of People with Each Score
Percentile by Number Answered
Your Score History
You have not taken this quiz